[Event "GEO-ch (Women) 70th"]
[Site "Tbilisi"]
[Date "2013.05.28"]
[Round "2"]
[White "Kuchava, Ana"]
[Black "Kobeshavidze, Lika"]
[Result "1-0"]
[WhiteElo "2098"]
[BlackElo "1937"]
[PlyCount "59"]
[EventDate "2013.05.27"]
[EventType "tourn"]
[EventRounds "11"]
[EventCountry "GEO"]
[EventCategory "3"]
[SourceTitle "CBM 154 Extra"]
[Source "ChessBase"]
[SourceDate "2013.06.25"]
[SourceVersion "2"]
[SourceVersionDate "2013.06.25"]
[SourceQuality "1"]

1. d4 Nf6 2. Nf3 e6 3. c4 d5 4. Nc3 Bb4 5. Qa4+ Nc6 6. e3 0-0 7. Qc2 Ne4 8. Bd3 f5 9. 0-0 Bxc3 10. bxc3 Ne7 11. cxd5 exd5 12. c4 c6 13. cxd5 cxd5 14. Ne5 Be6 15. Qb3 Rb8 16. f3 Nd6 17. Ba3 b5 18. Bc5 Rb7 19. a4 Nc4 20. Bxc4 dxc4 21. Qa3 a6 22. axb5 axb5 23. Qa6 Bc8 24. Rfb1 Rf6 25. Qa5 Qe8 26. Bxe7 Rxe7 27. Qxb5 Be6 28. Qc5 Rf8 29. Rb6 Qd8 30. Nc6 1-0

[Event "EU-ch U16 Girls"]
[Site "Albena"]
[Date "2011.09.18"]
[Round "7"]
[White "Kobeshavidze, Lika"]
[Black "Tomnikova, Lidia"]
[Result "1-0"]
[WhiteElo "1949"]
[BlackElo "2092"]
[PlyCount "67"]
[EventDate "2011.09.11"]
[EventType "swiss"]
[EventRounds "9"]
[EventCountry "BUL"]
[SourceTitle "CBM 144 Extra"]
[Source "ChessBase"]
[SourceDate "2011.10.28"]
[SourceVersion "1"]
[SourceVersionDate "2011.10.28"]
[SourceQuality "1"]

1. e4 e5 2. Nc3 Nc6 3. g3 Bc5 4. Bg2 a6 5. Nge2 d6 6. d3 Be6 7. 0-0 Qd7 8. Nd5 h5 9. h4 Nge7 10. c3 Bg4 11. Kh2 Nxd5 12. exd5 Ne7 13. f3 Bf5 14. d4 Ba7 15. c4 f6 16. Qb3 0-0-0 17. dxe5 dxe5 18. Be3 Bxe3 19. Qxe3 Kb8 20. Nc3 g5 21. hxg5 fxg5 22. b4 g4 23. fxg4 Bxg4 24. b5 h4 25. bxa6 hxg3+ 26. Kg1 Nf5 27. Qc5 Qh7 28. Rfb1 Nd6 29. Nb5 Nxb5 30. Rxb5 Bc8 31. Rab1 Rdf8 32. Rxb7+ Bxb7 33. Rxb7+ Kc8 34. Bh3+ 1-0

[Event "EU-ch U16 Girls"]
[Site "Albena"]
[Date "2011.09.14"]
[Round "4"]
[White "Huber, Elke Carola"]
[Black "Kobeshavidze, Lika"]
[Result "0-1"]
[WhiteElo "1718"]
[BlackElo "1949"]
[PlyCount "112"]
[EventDate "2011.09.11"]
[EventType "swiss"]
[EventRounds "9"]
[EventCountry "BUL"]
[SourceTitle "CBM 144 Extra"]
[Source "ChessBase"]
[SourceDate "2011.10.28"]
[SourceVersion "1"]
[SourceVersionDate "2011.10.28"]
[SourceQuality "1"]

1. d4 d5 2. c4 e6 3. Nc3 Nf6 4. cxd5 exd5 5. Bg5 Be7 6. e3 c6 7. Qc2 Nbd7 8. Bd3 0-0 9. Nf3 Re8 10. 0-0 Nf8 11. Rab1 Ne4 12. Bxe7 Qxe7 13. b4 a6 14. Rfc1 Ng6 15. a4 Ng5 16. Ne1 Nh4 17. b5 axb5 18. axb5 Bd7 19. bxc6 bxc6 20. Na4 Ra7 21. Nb6 Rc7 22. Nxd5 Ngf3+ 23. Nxf3 Nxf3+ 24. gxf3 Qg5+ 25. Kh1 Qxd5 26. Bxh7+ Kh8 27. Be4 Qh5 28. Qc5 f5 29. Rg1 Rcc8 30. Qd6 Qf7 31. Bc2 Be6 32. Qf4 c5 33. dxc5 Rxc5 34. Bd3 Bd5 35. Rg5 Qc7 36. Qxf5 Bxf3+ 37. Qxf3 Rxg5 38. Qh3+ Kg8 39. Bh7+ Kf8 40. Qf3+ Qf7 41. Qxf7+ Kxf7 42. Rg1 Rxg1+ 43. Kxg1 g6 44. Kg2 Kg7 45. Bxg6 Kxg6 46. Kg3 Kf5 47. Kf3 Rh8 48. e4+ Ke5 49. Ke3 Rh4 50. f3 Rh3 51. Kf2 Kf4 52. Kg2 Rxf3 53. e5 Re3 54. h3 Re2+ 55. Kf1 Rxe5 56. Kf2 Rg5 0-1

[Event "EU-ch (Women) 12th"]
[Site "Tbilisi"]
[Date "2011.05.11"]
[Round "5"]
[White "Mumladze, Maia"]
[Black "Kobeshavidze, Lika"]
[Result "1-0"]
[WhiteElo "1517"]
[BlackElo "1988"]
[PlyCount "38"]
[EventDate "2011.05.07"]
[EventType "swiss"]
[EventRounds "11"]
[EventCountry "GEO"]
[SourceTitle "CBM 142 Extra"]
[Source "ChessBase"]
[SourceDate "2011.06.27"]
[SourceVersion "1"]
[SourceVersionDate "2011.06.27"]
[SourceQuality "1"]

1. d4 d5 2. Nf3 Nf6 3. Bf4 e6 4. Nbd2 c5 5. e3 Nc6 6. c3 Bd6 7. Ne5 0-0 8. h3 Bxe5 9. dxe5 Nd7 10. Nf3 Ne7 11. Bd3 Ng6 12. Bxg6 hxg6 13. h4 c4 14. h5 gxh5 15. Rxh5 Nc5 16. Kf1 Nd3 17. Ng5 g6 18. Rh6 Qb6 19. a3 d4 1-0

[Event "EU-ch (Women) 12th"]
[Site "Tbilisi"]
[Date "2011.05.10"]
[Round "4"]
[White "Kobeshavidze, Lika"]
[Black "Foisor, Mihaela Veronica"]
[Result "0-1"]
[WhiteElo "1988"]
[BlackElo "2220"]
[PlyCount "62"]
[EventDate "2011.05.07"]
[EventType "swiss"]
[EventRounds "11"]
[EventCountry "GEO"]
[SourceTitle "CBM 142 Extra"]
[Source "ChessBase"]
[SourceDate "2011.06.27"]
[SourceVersion "1"]
[SourceVersionDate "2011.06.27"]
[SourceQuality "1"]

1. e4 e6 2. d4 d5 3. exd5 Qxd5 4. Nc3 Qd8 5. Nf3 Nf6 6. Bd3 Be7 7. 0-0 0-0 8. Ne2 b6 9. Ng3 Bb7 10. c3 Nbd7 11. Qe2 c5 12. Rd1 Qc7 13. Bg5 h6 14. Bd2 Nd5 15. Ne5 Rad8 16. Nh5 N7f6 17. Ng3 cxd4 18. cxd4 Nb4 19. Rac1 Qb8 20. Bb1 Qa8 21. a3 Nc6 22. Bc3 Nd5 23. Qc2 f5 24. Nxc6 Bxc6 25. Bd2 Rc8 26. Qd3 a6 27. Qe2 Rfe8 28. Bd3 Bb7 29. Be3 Rc7 30. Re1 f4 31. Bxf4 Nxf4 0-1

[Event "EU-ch U16 Girls"]
[Site "Batumi"]
[Date "2010.09.22"]
[Round "3"]
[White "Arabidze, Meri"]
[Black "Kobeshavidze, Lika"]
[Result "1-0"]
[WhiteElo "2288"]
[BlackElo "1931"]
[PlyCount "125"]
[EventDate "2010.09.20"]
[EventType "swiss"]
[EventRounds "9"]
[EventCountry "GEO"]
[SourceTitle "CBM 138 Extra"]
[Source "ChessBase"]
[SourceDate "2010.10.29"]
[SourceVersion "1"]
[SourceVersionDate "2010.10.29"]
[SourceQuality "1"]

1. d4 d5 2. c4 e6 3. Nc3 Nf6 4. cxd5 exd5 5. Bg5 Be7 6. e3 c6 7. Bd3 Nbd7 8. Qc2 0-0 9. Nge2 Re8 10. h3 Nf8 11. 0-0 Ne4 12. Bf4 Nxc3 13. Qxc3 Ng6 14. Bg3 Bd6 15. Bxd6 Qxd6 16. b4 a6 17. a4 Bd7 18. Qc2 Rac8 19. Rfb1 Qf6 20. Ng3 Kh8 21. Qd1 Nf8 22. b5 axb5 23. axb5 c5 24. dxc5 Rxc5 25. Ra4 g6 26. Be2 Ne6 27. Ra7 Nd8 28. Qd2 Qb6 29. Ra8 Ne6 30. Rxe8+ Bxe8 31. h4 Nc7 32. h5 Qf6 33. b6 Ne6 34. Bd3 Bc6 35. f4 Qc3 36. Qe2 f5 37. h6 Kg8 38. Rd1 Qb4 39. Nxf5 Qxb6 40. Ne7+ Kf7 41. Nxc6 Rxc6 42. Rb1 Qc7 43. Qb2 Rc3 44. Bf1 Rxe3 45. Qh8 b6 46. Qxh7+ Kf6 47. Qh8+ Kf5 48. h7 Ra3 49. Qb2 Ra8 50. h8Q Rxh8 51. Qxh8 Qc5+ 52. Kh1 Nxf4 53. Bd3+ Nxd3 54. Qh3+ Ke4 55. Qg4+ Ke3 56. Qxg6 Nf2+ 57. Kh2 b5 58. Qg3+ Kd2 59. Rb2+ Ke1 60. Kg1 Qd4 61. Qxf2+ Qxf2+ 62. Rxf2 d4 63. Rb2 1-0

[Event "Poti Aleksandria Cup 5th"]
[Site "Poti"]
[Date "2010.07.13"]
[Round "3"]
[White "Gamzardia, Giorgi"]
[Black "Kobeshavidze, Lika"]
[Result "1-0"]
[WhiteElo "2188"]
[BlackElo "1929"]
[PlyCount "53"]
[EventDate "2010.07.11"]
[EventType "swiss"]
[EventRounds "9"]
[EventCountry "GEO"]
[SourceTitle "CBM 137 Extra"]
[Source "ChessBase"]
[SourceDate "2010.09.01"]
[SourceVersion "1"]
[SourceVersionDate "2010.09.01"]
[SourceQuality "1"]

1. Nf3 d5 2. b3 Nf6 3. Bb2 g6 4. e3 Bg7 5. c4 c6 6. Nc3 0-0 7. d4 Bg4 8. Be2 e6 9. 0-0 Nbd7 10. h3 Bxf3 11. Bxf3 dxc4 12. bxc4 e5 13. d5 cxd5 14. cxd5 Re8 15. e4 Nb6 16. Be2 Nc8 17. Bb5 Re7 18. Ba3 Rc7 19. Qb3 Nd6 20. Bd3 Rac8 21. Bb4 Bh6 22. Rfd1 Qd7 23. Bxd6 Rxc3 24. Qb4 a5 25. Qb6 Bf4 26. Bb5 R3c6 27. dxc6 1-0

[Event "Poti Aleksandria Cup 5th"]
[Site "Poti"]
[Date "2010.07.11"]
[Round "1"]
[White "Mikadze, Miranda"]
[Black "Kobeshavidze, Lika"]
[Result "1-0"]
[WhiteElo "2360"]
[BlackElo "1929"]
[PlyCount "67"]
[EventDate "2010.07.11"]
[EventType "swiss"]
[EventRounds "9"]
[EventCountry "GEO"]
[SourceTitle "CBM 137 Extra"]
[Source "ChessBase"]
[SourceDate "2010.09.01"]
[SourceVersion "1"]
[SourceVersionDate "2010.09.01"]
[SourceQuality "1"]

1. e4 c6 2. d4 d5 3. exd5 cxd5 4. c4 e6 5. Nc3 Nf6 6. c5 Be7 7. Nf3 0-0 8. Bd3 b6 9. b4 a5 10. Na4 Nbd7 11. a3 axb4 12. axb4 Qc7 13. 0-0 bxc5 14. dxc5 Ne5 15. Nxe5 Qxe5 16. Bb2 Qf4 17. b5 e5 18. g3 Qh6 19. Be2 d4 20. c6 Bh3 21. Re1 Bb4 22. Bc1 Qg6 23. Bd2 Bxd2 24. Qxd2 Ne4 25. Qb2 Qf6 26. Bf1 Bxf1 27. Rxf1 Qf3 28. Ra3 d3 29. Qxe5 Nd2 30. Qe3 Qxe3 31. fxe3 Nxf1 32. Kxf1 g6 33. b6 Kg7 34. c7 1-0

[Event "Tbilisi Chiburdanidze Cup"]
[Site "Tbilisi"]
[Date "2009.06.08"]
[Round "4"]
[White "Kobeshavidze, Lika"]
[Black "Zhorzholiani, Meri"]
[Result "0-1"]
[WhiteElo "1803"]
[BlackElo "2135"]
[PlyCount "94"]
[EventDate "2009.06.05"]
[EventType "swiss"]
[EventRounds "9"]
[EventCountry "GEO"]
[SourceTitle "CBM 130 Extra"]
[Source "ChessBase"]
[SourceDate "2009.07.02"]
[SourceVersion "2"]
[SourceVersionDate "2009.07.15"]
[SourceQuality "1"]

1. e4 c5 2. Nc3 Nc6 3. g3 e6 4. Bg2 Nf6 5. d3 Be7 6. f4 d5 7. e5 Nd7 8. Nf3 0-0 9. 0-0 Rb8 10. Kh1 b5 11. g4 b4 12. Ne2 f6 13. d4 fxe5 14. dxe5 Nb6 15. Ng3 a5 16. Rg1 Qc7 17. f5 Nxe5 18. Nxe5 Qxe5 19. Nh5 Qd6 20. Bf4 e5 21. Bg3 Bb7 22. Qe2 Nd7 23. Rae1 Rbe8 24. Bxe5 Nxe5 25. Qxe5 Qxe5 26. Rxe5 Bf6 27. Nxf6+ gxf6 28. Re6 Rxe6 29. fxe6 Re8 30. Re1 Ba8 31. Kg1 Kf8 32. Bf1 Ke7 33. Bb5 Rg8 34. h3 h5 35. Kf2 hxg4 36. hxg4 Rxg4 37. Rh1 Rg8 38. Bd7 d4 39. Rh7+ Kd6 40. Rf7 Rg2+ 41. Ke1 Rxc2 42. Rf8 Bd5 43. Rd8 Bxe6 44. Ba4+ Kc7 45. Re8 Rxb2 46. Rxe6 Rxa2 47. Bb3 Ra3 0-1

[Event "Tbilisi Chiburdanidze Cup"]
[Site "Tbilisi"]
[Date "2009.06.06"]
[Round "2"]
[White "Khurtsidze, Nino"]
[Black "Kobeshavidze, Lika"]
[Result "1-0"]
[WhiteElo "2424"]
[BlackElo "1803"]
[PlyCount "120"]
[EventDate "2009.06.05"]
[EventType "swiss"]
[EventRounds "9"]
[EventCountry "GEO"]
[SourceTitle "CBM 130 Extra"]
[Source "ChessBase"]
[SourceDate "2009.07.02"]
[SourceVersion "2"]
[SourceVersionDate "2009.07.15"]
[SourceQuality "1"]

1. d4 d5 2. c4 e6 3. Nf3 Nf6 4. Nc3 Be7 5. Bf4 0-0 6. e3 Nbd7 7. Rc1 c5 8. cxd5 exd5 9. Bd3 cxd4 10. Nxd4 Nc5 11. Be2 a6 12. 0-0 Ne6 13. Be5 Nxd4 14. Qxd4 Be6 15. Na4 Rc8 16. b4 Ne8 17. Nc5 Bxc5 18. Rxc5 Rxc5 19. Qxc5 f6 20. Bg3 Qd7 21. f3 f5 22. Be5 Nf6 23. Bxf6 Rxf6 24. Rd1 Qa4 25. Qa5 Qc2 26. h3 Rf8 27. Qb6 Qc6 28. Qxc6 bxc6 29. Rc1 Bd7 30. Bf1 Ra8 31. Rc5 Kf7 32. Ra5 Bc8 33. Kf2 Ke6 34. Ke2 Kd6 35. Kd2 g6 36. Kc3 Ke5 37. h4 h5 38. Bd3 Bb7 39. a3 Bc8 40. Kb3 Bb7 41. g3 Kd6 42. Ka4 Kc7 43. Kb3 Kd6 44. Kc2 Ke5 45. Kc3 Bc8 46. Rc5 Bb7 47. Kb3 Kd6 48. Ka4 Re8 49. Ka5 Kc7 50. Ka4 Kd6 51. Kb3 Ra8 52. Kc3 Ke5 53. Kc2 Kd6 54. a4 Re8 55. a5 Ra8 56. g4 Kc7 57. gxf5 gxf5 58. Bxf5 Rf8 59. e4 Bc8 60. Bxc8 Kxc8 1-0